| 000 | 00420nam a2200181Ia 4500 | ||
|---|---|---|---|
| 001 | 7319 | ||
| 005 | 20260306160446.0 | ||
| 008 | 260306t2010||||xx |||||||||||||| ||spa|| | ||
| 041 | _aESP | ||
| 082 |
_a338.5 _bP26 2010 |
||
| 100 |
_aParkin, Michael _eAUT |
||
| 245 | 0 |
_aMicroeconomía: _bversión para latinoamérica |
|
| 260 | _c2010 | ||
| 300 |
_a _c |
||
| 650 | _aGEN | ||
| 654 | _aCAN | ||
| 942 |
_cLIB _dJUS _fJUS _2ddc _n |
||
| 999 |
_c7319 _d7319 |
||